000 00989nam a2200277 i 4500
001 bg
100 1 _aKUJAWA-PAWLACZYK, Jolanta
245 1 0 _aRzadkie i zagrożone rośliny naczyniowe lasów Ziemi Lubuskiej i Łużyc (Regionalna Dyrekcja Lasów Państwowych w Zielonej Górze) /
_cJolanta Kujawa-Pawlaczyk, Paweł Pawlaczyk.
260 _aŚwiebodzin :
_bWydaw. Lubuskiego Klubu Przyrodników,
_c2001.
300 _a222 s. ;
_crys. +
_e23 cm.
504 _aBibliogr.
650 9 _aRośliny naczyniowe
_xsystematyka
_zPolska
650 9 _aRuno leśne
651 9 _aLubuska, Ziemia
_xflora
651 9 _aŁużyce
_xflora
655 _aPodręczniki
700 1 _aPAWLACZYK, Paweł
020 _a8387846171
040 _cBPK
041 0 _apl
080 _a582.35+582.4:630.16](438:)(07)
920 _a83-87846-17-1
942 _cKS
008 s pl f |000 0 pol
999 _c40382
_d40382
856 _uhttp://koha.tu.koszalin.pl/cgi-bin/koha/opac-detail.pl?biblionumber=40382
_yKatalog online BPK